Регионална библиотека "Любен Каравелов" - Русе

Неслучайни случайности (Запис номер 59196)

MARC детайли
000 -Лидер
Контролно поле с фиксирана дължина 01364nam a2200313 c 4500
003 - Код на организацията, давaща контролен номер
Контролно поле BLK
005 - Дата и час на последна редакция
Контролно поле 20180420222831.0
008 - Елементи от данни с фиксирана дължина
fixed length control field 180408b bul|||||r ||||||| ||bul||
010 ## - Наследен системен номер
LC control number KNG00063282000
040 ## - Източник на каталожния запис
Идентификатор на билиотеката - собственик на записа BLK
041 ## - Код за език
Код за езика на текст/звукозапис или на отделно заглавие Български
Код за езика КДБФ Български
080 ## - УДК
Текстов определител УДК Физика
УДК код - определител по УДК 53
УДК определител (091)
УДК - код + определител 53(091)
080 ## - УДК
Текстов определител УДК Наука. Наукознание. Организация на умствения труд
УДК код - определител по УДК 001
УДК определител (091)
УДК - код + определител 001(091)
100 1# - Редна дума - Автор
Автор Азерников, Валентин З.
Авторска отговорност първи автор
R(LIN) 29682
139 ## - Редно поле
Редна дума Азерников, Валентин З.
Авторски знак Аз - А 36
245 10 - Сведения за заглавието
Заглавие Неслучайни случайности
Подзаглавни данни Разкази за велики открития и бележити учени
Редно поле (дума) Валентин З. Азерников; прев. от рус. Стефан Джамбазов.
257 ## - Страна на издаване
Страна на създаване/издаване Русия
260 ## - Област на издателските данни
-- София
Име на издателя, разпространителя и проч. Техника
Година на издаване 1976
Печатница Ямбол : Г. Димитров
300 ## - Физическа характеристика
Страници 268 с.
Илюстрации и др. с ил.
Размери/Мащаб 22 см
380 ## - Жанр
Жанр Естествени науки. Математика
500 ## - Общи забележки
Забележка Ориг. загл. Неслучайные случайности
650 #4 - Допълнително описание по предмет – тема
Основно описание – тема или топоним Наука - история
9 (RLIN) 244173
700 1# - Други автори (авторска отговорност)
Лично име Джамбазов, Стефан
Автороска отговорност (Описва отношението между автора и произведението) прев. от рус.
9 (RLIN) 288748
852 ## - Местоположение
Форматна сигнатура Цб 80950
856 4# - Електронен адрес и достъп
Електронен формат pdf - файл
Път до файла /url/
856 4# - Електронен адрес и достъп
Електронен формат pdf - файл
Път до файла /url/
942 ## - АРТИКУЛИ
Вид на библиотечния материал Книги
Скрит в OPAC Не
944 ## - СЪЗДАВАНЕ И РЕДАКЦИЯ на ЗАПИСА
Създаване/Редакция Създаване
Дата на регистрацията/редакция 13.06.2004
Служител, извършил регистрацията/редакцията Геновева_Генчева
944 ## - СЪЗДАВАНЕ И РЕДАКЦИЯ на ЗАПИСА
Създаване/Редакция Редакция
Дата на регистрацията/редакция 08.09.2017
Служител, извършил регистрацията/редакцията Ренета_Константинова
999 ## - СИСТЕМНИ КОНТРОЛНИ НОМЕРА
Koha biblionumber 59196
Koha biblioitemnumber 59196
Наличности
Код за отписване Код за изгубен артикул Източник на класификационната схема Код за повреда Коз за рестрикции Код за отдаване Артикулен № Име на библиотеката - собственик Име на библиотеката, в която се намира в момента Статус (Текущо местоположение) Дата на вписване в системата Местоположение - отдел Цена в лева Инвентарен номер Систематично азбучна сигнатура Баркод Номер на екземпляра Цена в евро Служебна бележка Служебен тип на артикула Бележка за публиката
  Не е изгубен Universal Decimal Classification Не е повреден само за читалня ползва се в читалня 96401 Регионална библиотека "Любен Каравелов" Русе Регионална библиотека "Любен Каравелов" Русе Хранилище 1976-01-01 Хранилище 0.70 204472 Цб 80950 120000204472 1 0.36 Дост: Dp Вид: Д N: стар фонд Дата: 01.01.1976 Книги  
Изтеглен Не е изгубен Universal Decimal Classification Не е повреден без рестрикции ползва се в читалня 96402 Регионална библиотека "Любен Каравелов" Русе Регионална библиотека "Любен Каравелов" Русе Читалня 1976-01-01 Читалня 0.70 205960 Ч 53/А 36 205960 2 0.36 Дост: Pk Вид: Ф N: стар фонд Дата: 01.01.1976 Дата инв: 15.03.2017 Бележки инв: Ч2017 Книги  
Изтеглен Не е изгубен   Не е повреден без рестрикции заемане за дома 96403 Регионална библиотека "Любен Каравелов" Русе Регионална библиотека "Любен Каравелов" Русе   1976-01-01 Детски отдел 0.70 206682 Д 53/А 36 206682 3 0.36 Дост: Pk Вид: Ф N: стар фонд Дата: 01.01.1976 Дата инв: 01.10.2015 Бележки инв: Д2015 Книги Отч.N: 43/17 , Дата: 08.09.2017
Vip Innovations Ltd, Rousse, Bulgaria 2025